Extrem natural hazards, disaster risks and societal implications

Bibliographic Details
Other Authors: Ismail-Zaedah, Alik
Format: Book
Published: Cambridge : Cambridge University Press , 2014
Subjects:

MARC

LEADER 00000cam a2200000 7i4500
001 0000193071
005 20160722.0
020 |a 9781107033863 
090 0 0 |a 363.34   |b EXT 
245 1 0 |a Extrem natural hazards, disaster risks and societal implications   |c edited by Alik Ismail-Zaedah... [et al] 
260 |a Cambridge :   |b Cambridge University Press ,   |c 2014 
300 |a 402p. ;   |c 28cm. 
650 0 0 |a Environmental disasters 
650 0 0 |a Environmental risk assessment 
650 0 0 |a Natural disasters 
700 1 |a Ismail-Zaedah, Alik 
999 |a 00326735   |b BUKU   |c RUJUKAN   |e PERPUSTAKAAN KOMUNITI PETALING JAYA